Cities Chain - Asia - Statistics

General Stats
  • This quiz has been taken 40 times
    29 since last reset
  • The average score is 9 of 16
Answer Stats
Country City % Correct
Pakistan Islamabad
100%
India (starts with A) Ahmedabad
96%
United Arab Emirates Dubai
96%
East Timor (Timor Leste) Dili
88%
Turkey Istanbul
88%
Kazakhstan Astana
81%
Turkey Ankara
77%
Saudi Arabia Riyadh
77%
Kazakhstan Almaty
65%
China Hong Kong
54%
China Lhasa
50%
China Yuzhou
19%
China Urumqi
15%
China Gaocheng
0%
India Gaya
0%
Iran Iranshahr
0%
No matching quizzes found
Score Distribution
Percent of People with Each Score
Percentile by Number Answered
Your Score History
You have not taken this quiz since the last reset